MARC details
| 000 -CABECERA |
| campo de control de longitud fija |
01257nam a2200277 a 4500 |
| 003 - IDENTIFICADOR DEL NÚMERO DE CONTROL |
| campo de control |
MX-MxUPN |
| 005 - FECHA Y HORA DE LA ÚLTIMA TRANSACCIÓN |
| campo de control |
20241001063945.0 |
| 008 - ELEMENTOS DE LONGITUD FIJA--INFORMACIÓN GENERAL |
| campo de control de longitud fija |
991125s1925 sp a fr 001 0 spa d |
| 035 ## - NÚMERO DE CONTROL DEL SISTEMA |
| Número de control de sistema |
UPN01000045778 |
| 040 ## - FUENTE DE LA CATALOGACIÓN |
| Centro catalogador/agencia de origen |
MX-MxUPN |
| Lengua de catalogación |
spa |
| Centro/agencia transcriptor |
MX-MxUPN |
| 041 ## - CÓDIGO DE IDIOMA |
| Código de lengua del texto/banda sonora o título independiente |
spa |
| -- |
fre |
| 050 04 - SIGNATURA TOPOGRÁFICA DE LA BIBLIOTECA DEL CONGRESO |
| Número de clasificación |
LB1027.5 |
| Número de documento/Ítem |
P73 |
| 100 1# - ASIENTO PRINCIPAL--NOMBRE PERSONAL |
| Nombre de persona |
Manrique de Lara, G. |
| 245 13 - MENCIÓN DE TÍTULO |
| Título |
La práctica de la orientación profesional |
| 260 ## - PUBLICACIÓN, DISTRIBUCIÓN, ETC. |
| Lugar de publicación, distribución, etc. |
Madrid : |
| Nombre del editor, distribuidor, etc. |
Librería y casa editorial Hernando, |
| Fecha de publicación, distribución, etc. |
1925. |
| 300 ## - DESCRIPCIÓN FÍSICA |
| Extensión |
210 páginas : |
| Otras características físicas |
[16] hojas de láminas |
| 505 00 - NOTA DE CONTENIDO CON FORMATO PREESTABLECIDO |
| Título |
La pratique de l'orientation : une annés de fonctionnement á l'office populaire d'O.P / |
| Información miscelánea |
(64 páginas: ilustraciones) -- |
| Título |
La orientación profesional pirotécnica y su aplicación a los inválidos del trabajo / |
| Mención de responsabilidad |
César de Madariaga. |
| Información miscelánea |
(32 páginas : [8] hojas de láminas) -- |
| Título |
La orientación profesional y la escuela / |
| Mención de responsabilidad |
Conde de Altea. |
| Información miscelánea |
(53 páginas. Ciencia y educación. Folletos). |
| 650 #4 - ASIENTO SECUNDARIO DE MATERIA - TERMINO TEMATICO |
| Término de materia o nombre geográfico como elemento de entrada |
Orientación vocacional |
| 9 (RLIN) |
5 |
| 700 1# - ASIENTO SECUNDARIO--NOMBRE DE PERSONAL |
| 9 (RLIN) |
51634 |
| Nombre de persona |
Madariaga, César |
| 700 0# - ASIENTO SECUNDARIO--NOMBRE DE PERSONAL |
| Nombre de persona |
Altea, |
| Títulos y otros términos asociados al nombre |
conde de, |
| Fechas asociadas al nombre |
1901- |
| 9 (RLIN) |
30702 |
| 710 2# - ASIENTO SECUNDARIO - NOMBRE CORPORATIVO |
| Nombre de entidad corporativa o nombre de jurisdicción como elemento de entrada |
Instituto Nacional de Investigación Educativa (México) |
| Término indicativo de función/relación |
propietario anterior |
| 9 (RLIN) |
28086 |
| 902 ## - ELEMENTOS DE DATOS B LOCAL, LDB (RLIN) |
| Modificó |
MaríaRobles/140624 |
| 904 ## - ELEMENTOS DE DATOS D LOCAL, LDD (RLIN) |
| a |
AC |
| b |
045780 |
| 905 ## - TIPO DE MATERIAL |
| Tipo de material |
Libro |
| 942 ## - ELEMENTOS DE PUNTO DE ACCESO ADICIONAL (KOHA) |
| Fuente del sistema de clasificación o colocación |
Library of Congress Classification |
| Tipo de ítem Koha |
Libro |
| Suprimir en OPAC |
No |